01017nam a22002297a 4500999001700000003000900017008004100026040007100067082001800138100002300156245004500179260005000224300003000274505021600304650002100520650004500541650002700586700003900613942001600652945002100668952009800689 c16664d16664AR-CdUCM190504b ||||| |||| 00| 0 spa d aMUNICIPALIDAD PROVINCIAL DEL CUSCOcBIBLIOTECA MUNICIPAL DEL CUSCO a070.11 /bG37 aGerald, J. Edward. aLa responsabilidad social de la prensa / aMéxico :bLibreros mexicanos unidos,c1965. a328 páginas ;c19.5 cm. aContenido: Naturaleza de la difusión popular -- El periodismo como negocio en gran escala -- El hogar natural de la prensa -- El papel que representa el propietario -- El contenido de la difusión popular ... aPeriodismo91929 aMedios de comunicación de masas918863 aAspectos sociales9262 aArzac, R. F. (traducción)936239 2ddccLIBROS aachld2019-05-04 002ddc4070aSHbSHcCARTd2019-05-04g40.00o070.11 / G37pSH0000011830r2019-05-04yLIBROS